Statistics for All Teams to Ever Play an Euro Cup

Click here to take the quiz!

General Stats

  • This quiz has been taken 36 times
  • The average score is 30 of 33

Answer Stats

Top FinishTeam% Correct
Semi-FinalEngland
100%
WinnerDenmark
97%
WinnerFrance
97%
WinnerGermany / West Germany
97%
WinnerSoviet Union / Russia
97%
Round 1Austria
93%
Runner-UpBelgium
93%
QuartersCroatia
93%
WinnerItaly
93%
WinnerNetherlands
93%
WinnerPortugal
93%
QuartersRomania
93%
WinnerSpain
93%
Semi-FinalSweden
93%
Round 2Switzerland
93%
Round 1Ukraine
93%
WinnerGreece
90%
Round 2Ireland
90%
Round 1Norway
90%
QuartersPoland
90%
Round 1Scotland
90%
Semi-FinalWales
90%
Round 1Bulgaria
87%
WinnerCzech Republic
87%
Semi-FinalHungary
87%
Round 2Northern Ireland
87%
Round 2Slovakia
87%
Round 1Slovenia
87%
Semi-FinalTurkey
87%
QuartersIceland
83%
Runner-UpYugoslavia
80%
Round 1Albania
73%
Round 1Latvia
67%

Score Distribution

Percentile by Number Answered

Percent of People with Each Score

Your Score History

You have not taken this quiz